000 00764nam a22002537a 4500
003 DO-SdBNP
005 20241021092516.0
007 ta
008 210910b 2018 dr a 00| 0 eng d
020 _a9789993479741
040 _aDO-SdBNP
_bspa
_cBNPHU
082 4 _a863.44
_bS684L 2018
_222
100 1 _aSolano, Miguel,
_91543
245 1 4 _aLas lágrimas de mi papá /
_cMiguel Solano.
250 _a7a. ed.
260 _aSanto Domingo :
_bSantuario,
_c2018.
300 _a126 p. :
_bil., ;
_c22 cm.
500 _aIncluye datos biográficos del autor en las solapas
590 _aInventariado, 2021/BT
650 1 0 _aNovela dominicana
_9223
650 1 0 _aLiteratura dominicana.
_967
910 _aBtavárez. Validado. Control de calidad MFF
942 _2ddc
_cLBS1
999 _c50470
_d50470